000 00350nam a22001337a 4500
008 190129b xxu||||| |||| 00| 0 eng d
020 _a0534394248
041 _aeng
080 _a510
100 _a36
101 _aMAT
245 _aTest Bank for Finite Mathematics for the Managerial, Life, and Social Sciences
_cRosenberry, L.L
942 _2udc
_cBK
999 _c53880
_d53880